[Event "March of Kings"]
[Site "Calgary CAN"]
[Date "1999.03.13"]
[Round "2"]
[White "Flemming, Jim"]
[Black "Haessel, Dale"]
[Result "0-1"]
[WhiteElo "2024"]
[BlackElo "2304"]
[PlyCount "60"]
[GameId "2160767911805405"]
[EventDate "1999.03.13"]
[EventType "swiss"]
[EventRounds "5"]
[EventCountry "CAN"]
[SourceTitle "EXT 2017"]
[Source "ChessBase"]
[SourceDate "2016.10.25"]
[SourceVersion "1"]
[SourceVersionDate "2016.10.25"]
[SourceQuality "1"]

1. d4 Nf6 2. c4 e6 3. Nc3 Bb4 4. e3 c5 5. Nge2 cxd4 6. exd4 d5 7. a3 Be7 8. Nf4 O-O 9. cxd5 Nxd5 10. Bd3 Nc6 11. Ncxd5 exd5 12. Qh5 f5 13. Be3 Bf6 14. O-O Bxd4 15. Bxd4 Nxd4 16. Rac1 Ne6 17. Ne2 Qf6 18. Rc3 Bd7 19. Rfc1 d4 20. R3c2 g6 21. Qh6 f4 22. Bc4 f3 23. Ng3 Rac8 24. Ne4 Qe7 25. Ng5 Rxc4 26. Rxc4 Nxg5 27. Rc7 fxg2 28. Rxd7 Nf3+ 29. Kxg2 Qxd7 30. Rd1 Qg4+ 0-1

[Event "March of Kings"]
[Site "Calgary CAN"]
[Date "1999.03.13"]
[Round "2"]
[White "Luyben, Norman"]
[Black "Anderson, Ashton"]
[Result "0-1"]
[WhiteElo "1736"]
[BlackElo "1604"]
[PlyCount "75"]
[GameId "2160767911805406"]
[EventDate "1999.03.13"]
[EventType "swiss"]
[EventRounds "5"]
[EventCountry "CAN"]
[SourceTitle "EXT 2017"]
[Source "ChessBase"]
[SourceDate "2016.10.25"]
[SourceVersion "1"]
[SourceVersionDate "2016.10.25"]
[SourceQuality "1"]

1. e4 e5 2. Nf3 Nc6 3. Bb5 a6 4. Ba4 Nf6 5. O-O b5 6. Bb3 Be7 7. Re1 O-O 8. a3 d6 9. h3 Be6 10. c3 Re8 11. d4 Bxb3 12. Qxb3 exd4 13. cxd4 h6 14. Qe3 Nb8 15. Nh4 Nbd7 16. Nf5 Bf8 17. Qf3 c5 18. Qg3 Nxe4 19. Nxh6+ Kh7 20. Rxe4 Rxe4 21. Qd3 Qh4 22. Nc3 d5 23. Nxf7 Kg8 24. Bg5 Qh7 25. Qf3 Rxd4 26. Nxd5 Qe4 27. Qxe4 Rxe4 28. Nd8 Re5 29. Nc7 Rc8 30. Nce6 Rxd8 31. Nxd8 Rxg5 32. Rd1 Nf6 33. Re1 Rd5 34. Ne6 c4 35. g4 Rd2 36. g5 Nd5 37. g6 Rxb2 38. Nc5 0-1

[Event "March of Kings"]
[Site "Calgary CAN"]
[Date "1999.03.13"]
[Round "2"]
[White "Odachowski, Arthur"]
[Black "Clark, Alan"]
[Result "1-0"]
[WhiteElo "2238"]
[BlackElo "1920"]
[PlyCount "47"]
[GameId "2160767911805407"]
[EventDate "1999.03.13"]
[EventType "swiss"]
[EventRounds "5"]
[EventCountry "CAN"]
[SourceTitle "EXT 2017"]
[Source "ChessBase"]
[SourceDate "2016.10.25"]
[SourceVersion "1"]
[SourceVersionDate "2016.10.25"]
[SourceQuality "1"]

1. d4 Nf6 2. c4 g6 3. Nc3 Bg7 4. e4 O-O 5. Be2 d6 6. Be3 Nbd7 7. g4 e5 8. d5 b6 9. h4 Nc5 10. f3 h5 11. g5 Ne8 12. b4 Nd7 13. Nh3 a5 14. a3 axb4 15. axb4 Bb7 16. Nf2 Bh8 17. Qb1 Rxa1 18. Qxa1 Ng7 19. Kd2 Qe7 20. Qa7 Rb8 21. Rb1 Qd8 22. c5 bxc5 23. bxc5 Ba8 24. Rxb8 1-0

[Event "March of Kings"]
[Site "Calgary CAN"]
[Date "1999.03.13"]
[Round "2"]
[White "Ottosen, David"]
[Black "Vermette, Chris"]
[Result "1/2-1/2"]
[WhiteElo "2088"]
[BlackElo "1793"]
[PlyCount "50"]
[GameId "2160767911805408"]
[EventDate "1999.03.13"]
[EventType "swiss"]
[EventRounds "5"]
[EventCountry "CAN"]
[SourceTitle "EXT 2017"]
[Source "ChessBase"]
[SourceDate "2016.10.25"]
[SourceVersion "1"]
[SourceVersionDate "2016.10.25"]
[SourceQuality "1"]

1. e4 c5 2. Nf3 d6 3. d4 cxd4 4. Nxd4 Nf6 5. Nc3 g6 6. f4 Bg7 7. e5 dxe5 8. fxe5 Nfd7 9. e6 Ne5 10. Bb5+ Nbc6 11. exf7+ Kxf7 12. O-O+ Bf6 13. Be3 Kg7 14. Kh1 Ng4 15. Nxc6 Qxd1 16. Nxd1 Nxe3 17. Nxe3 bxc6 18. Bxc6 Rb8 19. Nc4 Ba6 20. Rf4 Bxc4 21. Rxc4 Rxb2 22. Bf3 Rhb8 23. g3 Rxc2 24. Rxc2 Bxa1 25. Rc7 Rb1+ 1/2-1/2

[Event "March of Kings"]
[Site "Calgary CAN"]
[Date "1999.03.13"]
[Round "3"]
[White "Day, Jonathan"]
[Black "Goude, Brian"]
[Result "1-0"]
[WhiteElo "1742"]
[BlackElo "1873"]
[PlyCount "70"]
[GameId "2160767911805409"]
[EventDate "1999.03.13"]
[EventType "swiss"]
[EventRounds "5"]
[EventCountry "CAN"]
[SourceTitle "EXT 2017"]
[Source "ChessBase"]
[SourceDate "2016.10.25"]
[SourceVersion "1"]
[SourceVersionDate "2016.10.25"]
[SourceQuality "1"]

1. Nf3 Nf6 2. d4 g6 3. Nbd2 d5 4. g3 Bg7 5. Bg2 O-O 6. O-O Nbd7 7. c4 c6 8. Qc2 Nb6 9. c5 Bf5 10. Qb3 Nbd7 11. Qxb7 Qc8 12. Qxc8 Rfxc8 13. Nh4 Ne4 14. Nxf5 gxf5 15. Nf3 e5 16. Bh3 exd4 17. Bxf5 Rd8 18. Bxd7 Rxd7 19. Rd1 Nxc5 20. Nxd4 Rc8 21. Be3 Na4 22. Rac1 Nxb2 23. Rd2 Nc4 24. Rdc2 c5 25. Nf5 Nxe3 26. Nxe3 Bh6 27. Rxc5 Rxc5 28. Rxc5 Bxe3 29. fxe3 Kg7 30. Rc6 f6 31. Kf2 Kg6 32. Kf3 Kf5 33. Rc5 Ke6 34. Ra5 d4 35. exd4 f5 1-0

[Event "March of Kings"]
[Site "Calgary CAN"]
[Date "1999.03.13"]
[Round "3"]
[White "Haessel, Dale"]
[Black "Kuczaj, Chris"]
[Result "1-0"]
[WhiteElo "2304"]
[BlackElo "2096"]
[PlyCount "43"]
[GameId "2160767911805410"]
[EventDate "1999.03.13"]
[EventType "swiss"]
[EventRounds "5"]
[EventCountry "CAN"]
[SourceTitle "EXT 2017"]
[Source "ChessBase"]
[SourceDate "2016.10.25"]
[SourceVersion "1"]
[SourceVersionDate "2016.10.25"]
[SourceQuality "1"]

1. e4 c6 2. d4 d5 3. e5 Bf5 4. Nf3 e6 5. Be2 c5 6. c4 dxc4 7. Bxc4 cxd4 8. Bb5+ Nd7 9. Nxd4 a6 10. Nxf5 Qa5+ 11. Nc3 axb5 12. Nd6+ Bxd6 13. Qxd6 b4 14. Ne2 Qxe5 15. Qxb4 Ne7 16. Bf4 Qa5 17. Qxa5 Rxa5 18. a3 Nd5 19. Bd2 Rb5 20. Rc1 Nc5 21. O-O Nd3 22. Rc8+ 1-0

[Event "March of Kings"]
[Site "Calgary CAN"]
[Date "1999.03.13"]
[Round "3"]
[White "Hughey, Micah"]
[Black "Ottosen, David"]
[Result "0-1"]
[WhiteElo "2052"]
[BlackElo "2088"]
[PlyCount "74"]
[GameId "2160767911805411"]
[EventDate "1999.03.13"]
[EventType "swiss"]
[EventRounds "5"]
[EventCountry "CAN"]
[SourceTitle "EXT 2017"]
[Source "ChessBase"]
[SourceDate "2016.10.25"]
[SourceVersion "1"]
[SourceVersionDate "2016.10.25"]
[SourceQuality "1"]

1. e4 c6 2. d4 d5 3. Nd2 dxe4 4. Nxe4 Nf6 5. Nxf6+ gxf6 6. Nf3 Bf5 7. Bd3 Bg6 8. h4 Nd7 9. h5 Bxd3 10. Qxd3 Qc7 11. Be3 O-O-O 12. O-O-O e6 13. Qb3 Nb6 14. c4 Be7 15. Kb1 e5 16. d5 Rhg8 17. d6 Bxd6 18. c5 Bxc5 19. Bxc5 Rxg2 20. Rxd8+ Qxd8 21. Rd1 Nd5 22. a3 b6 23. Be3 Qd7 24. Qa4 Kb7 25. Rd2 Qf5+ 26. Ka2 Qxf3 27. Rc2 Nxe3 28. fxe3 Rxc2 29. Qxc2 Qxh5 30. Qd3 Qf3 31. Qd7+ Ka6 32. Qc8+ Kb5 33. a4+ Ka5 34. b4+ Kxb4 35. Qf8+ c5 36. Qxf7 Qe2+ 37. Kb1 Kc3 0-1

[Event "March of Kings"]
[Site "Calgary CAN"]
[Date "1999.03.14"]
[Round "4"]
[White "Anderson, Ashton"]
[Black "Vermette, Chris"]
[Result "1-0"]
[WhiteElo "1604"]
[BlackElo "1793"]
[PlyCount "97"]
[GameId "2160767911805412"]
[EventDate "1999.03.13"]
[EventType "swiss"]
[EventRounds "5"]
[EventCountry "CAN"]
[SourceTitle "EXT 2017"]
[Source "ChessBase"]
[SourceDate "2016.10.25"]
[SourceVersion "1"]
[SourceVersionDate "2016.10.25"]
[SourceQuality "1"]

1. e4 d5 2. exd5 Qxd5 3. Nc3 Qa5 4. d4 Nf6 5. Nf3 Bf5 6. Bd3 e6 7. Bxf5 Qxf5 8. O-O c6 9. Bd2 Bd6 10. Nh4 Qg4 11. Qxg4 Nxg4 12. Nf3 Nd7 13. Ne4 Bc7 14. Bb4 O-O-O 15. Be7 Nh6 16. Bxd8 Rxd8 17. Neg5 Nf8 18. Rfe1 Ng6 19. a4 Rd5 20. c3 Rf5 21. h3 Bf4 22. Ne4 Bc7 23. b4 Nf4 24. Nfg5 Nd3 25. Re3 Nxf2 26. g4 Nxh3+ 27. Nxh3 Nxg4 28. Re2 Rh5 29. Nef2 Nxf2 30. Nxf2 Bh2+ 31. Kg2 Bc7 32. Rh1 Rg5+ 33. Kf1 h5 34. Ne4 Rd5 35. Rg2 g6 36. Ng5 Rf5+ 37. Ke2 Bf4 38. Nf3 Rd5 39. Nd2 e5 40. Nf3 e4 41. Nd2 e3 42. Nc4 Rd7 43. Kd3 Bc7 44. Nxe3 Bd8 45. Rf2 h4 46. Ng2 g5 47. Rf3 f6 48. Ne3 Rf7 49. Rhf1 1-0

[Event "March of Kings"]
[Site "Calgary CAN"]
[Date "1999.03.14"]
[Round "4"]
[White "Day, Jonathan"]
[Black "Hughey, Micah"]
[Result "1/2-1/2"]
[WhiteElo "1742"]
[BlackElo "2052"]
[PlyCount "120"]
[GameId "2160767911805413"]
[EventDate "1999.03.13"]
[EventType "swiss"]
[EventRounds "5"]
[EventCountry "CAN"]
[SourceTitle "EXT 2017"]
[Source "ChessBase"]
[SourceDate "2016.10.25"]
[SourceVersion "1"]
[SourceVersionDate "2016.10.25"]
[SourceQuality "1"]

1. Nf3 d5 2. d4 c5 3. c3 e6 4. a3 Nf6 5. g3 Nc6 6. Bg2 Bd6 7. O-O O-O 8. Bg5 h6 9. Bxf6 Qxf6 10. e3 Rd8 11. Nbd2 b6 12. Qa4 Bb7 13. Rfe1 a6 14. Qc2 Rac8 15. Qb3 b5 16. Bh3 Rc7 17. Rad1 e5 18. dxe5 Nxe5 19. Nxe5 Bxe5 20. f4 Bd6 21. Nf3 Re8 22. Nh4 g6 23. Bg2 Rce7 24. Bxd5 c4 25. Qc2 Bxd5 26. Rxd5 Rxe3 27. Rxe3 Rxe3 28. Ng2 Re6 29. Qd2 Qe7 30. Qd4 Bc7 31. Kf1 Bb6 32. Qd2 Bc5 33. Rd7 Rd6 34. Rxd6 Qxd6 35. Qxd6 Bxd6 36. Ne3 Kf8 37. Nd5 Ke8 38. Ke2 Kd7 39. Kf3 Ke6 40. Ke4 Bb8 41. Nb4 f5+ 42. Kf3 a5 43. Nc6 Bd6 44. Nd4+ Kd5 45. Nxb5 Bc5 46. a4 Bb6 47. Na3 Bc5 48. Nc2 h5 49. Ne1 Be7 50. Ng2 Bf6 51. Ne3+ Kc5 52. h3 Bd8 53. g4 fxg4+ 54. hxg4 hxg4+ 55. Kxg4 Bf6 56. Kf3 Bh4 57. Ke4 Be1 58. Ke5 Bd2 59. Nd1 Bc1 60. Ke4 Bd2 1/2-1/2

[Event "March of Kings"]
[Site "Calgary CAN"]
[Date "1999.03.14"]
[Round "4"]
[White "Flemming, Jim"]
[Black "Miller, Brian"]
[Result "1-0"]
[WhiteElo "2024"]
[BlackElo "1693"]
[PlyCount "71"]
[GameId "2160767911805414"]
[EventDate "1999.03.13"]
[EventType "swiss"]
[EventRounds "5"]
[EventCountry "CAN"]
[SourceTitle "EXT 2017"]
[Source "ChessBase"]
[SourceDate "2016.10.25"]
[SourceVersion "1"]
[SourceVersionDate "2016.10.25"]
[SourceQuality "1"]

1. d4 d5 2. c4 e6 3. Nc3 Nf6 4. Bg5 Be7 5. e3 O-O 6. Nf3 Nbd7 7. Qc2 h6 8. Bh4 b6 9. cxd5 Nxd5 10. Nxd5 Bxh4 11. Nxc7 Bxf2+ 12. Kxf2 Rb8 13. Na6 Bb7 14. Nxb8 Qxb8 15. Bd3 Rc8 16. Qe2 Nf6 17. Ne5 Qa8 18. Rhc1 Rf8 19. Kg1 Nd5 20. a3 Re8 21. Rf1 Re7 22. Rac1 Nf6 23. Ba6 Ne4 24. Rc2 Nd6 25. Rfc1 Bxa6 26. Qxa6 Kh7 27. Qd3+ g6 28. Rc7 Rxc7 29. Rxc7 Qg8 30. Rd7 Nf5 31. Rxf7+ Kh8 32. Qc3 Nd6 33. Rd7 Ne4 34. Nxg6+ Qxg6 35. Qc8+ Qg8 36. Rd8 1-0

[Event "March of Kings"]
[Site "Calgary CAN"]
[Date "1999.03.14"]
[Round "4"]
[White "Kuczaj, Chris"]
[Black "Ottosen, David"]
[Result "1/2-1/2"]
[WhiteElo "2096"]
[BlackElo "2088"]
[PlyCount "26"]
[GameId "2160767911805415"]
[EventDate "1999.03.13"]
[EventType "swiss"]
[EventRounds "5"]
[EventCountry "CAN"]
[SourceTitle "EXT 2017"]
[Source "ChessBase"]
[SourceDate "2016.10.25"]
[SourceVersion "1"]
[SourceVersionDate "2016.10.25"]
[SourceQuality "1"]

1. Nf3 d5 2. c4 c6 3. cxd5 cxd5 4. d4 Nc6 5. Nc3 Nf6 6. Bf4 Ne4 7. e3 Nxc3 8. bxc3 g6 9. Bd3 Bg7 10. O-O O-O 11. e4 Bg4 12. h3 Bxf3 13. Qxf3 e5 1/2-1/2

[Event "March of Kings"]
[Site "Calgary CAN"]
[Date "1999.03.14"]
[Round "4"]
[White "McMaster, Carolyn"]
[Black "Smith, Mike"]
[Result "0-1"]
[WhiteElo "1526"]
[BlackElo "1602"]
[PlyCount "56"]
[GameId "2160767911805416"]
[EventDate "1999.03.13"]
[EventType "swiss"]
[EventRounds "5"]
[EventCountry "CAN"]
[SourceTitle "EXT 2017"]
[Source "ChessBase"]
[SourceDate "2016.10.25"]
[SourceVersion "1"]
[SourceVersionDate "2016.10.25"]
[SourceQuality "1"]

1. c4 d5 2. g3 Be6 3. Bg2 c6 4. c5 g6 5. d4 Bg7 6. b4 b6 7. e3 bxc5 8. bxc5 Na6 9. Bd2 Nxc5 10. Qc2 Qb6 11. Na3 Bf5 12. Qc3 Nd3+ 13. Kf1 c5 14. Bxd5 cxd4 15. Qc4 Rc8 16. Qa4+ Kf8 17. Rb1 Qf6 18. Qxa7 Be4 19. f4 Bxd5 20. Rb8 Qc6 21. Ke2 Nc1+ 22. Bxc1 Qxc1 23. Qa5 Qxe3+ 24. Kf1 Qc1+ 25. Kf2 Rxb8 26. Qxd5 Qxa3 27. Ne2 Qe3+ 28. Kg2 Qxe2+ 0-1

[Event "March of Kings"]
[Site "Calgary CAN"]
[Date "1999.03.14"]
[Round "4"]
[White "Odachowski, Arthur"]
[Black "Haessel, Dale"]
[Result "1-0"]
[WhiteElo "2238"]
[BlackElo "2304"]
[PlyCount "61"]
[GameId "2160767911805417"]
[EventDate "1999.03.13"]
[EventType "swiss"]
[EventRounds "5"]
[EventCountry "CAN"]
[SourceTitle "EXT 2017"]
[Source "ChessBase"]
[SourceDate "2016.10.25"]
[SourceVersion "1"]
[SourceVersionDate "2016.10.25"]
[SourceQuality "1"]

1. d4 Nf6 2. c4 e6 3. Nc3 Bb4 4. e3 c5 5. Nge2 cxd4 6. exd4 d5 7. a3 Be7 8. Nf4 Nc6 9. c5 a5 10. Bb5 Bd7 11. O-O b6 12. Qa4 Rc8 13. Nd3 Ne4 14. Be3 bxc5 15. Nxe4 cxd4 16. Nec5 Bxc5 17. Nxc5 dxe3 18. Nxd7 Kxd7 19. fxe3 f6 20. e4 Qb6+ 21. Kh1 Ke7 22. exd5 exd5 23. Bxc6 Rxc6 24. Qg4 g6 25. Rad1 Rd8 26. Qh4 h5 27. Qf4 Qb5 28. Qh6 Rg8 29. Qh7+ Kf8 30. Qd7 f5 31. Rfe1 1-0

[Event "March of Kings"]
[Site "Calgary CAN"]
[Date "1999.03.14"]
[Round "5"]
[White "Flemming, Jim"]
[Black "Day, Jonathan"]
[Result "1-0"]
[WhiteElo "2024"]
[BlackElo "1742"]
[PlyCount "89"]
[GameId "2160767911805418"]
[EventDate "1999.03.13"]
[EventType "swiss"]
[EventRounds "5"]
[EventCountry "CAN"]
[SourceTitle "EXT 2017"]
[Source "ChessBase"]
[SourceDate "2016.10.25"]
[SourceVersion "1"]
[SourceVersionDate "2016.10.25"]
[SourceQuality "1"]

1. d4 Nf6 2. c4 e6 3. Nc3 Bb4 4. e3 O-O 5. Nge2 b6 6. a3 Bxc3+ 7. Nxc3 d5 8. cxd5 exd5 9. Bd3 Bb7 10. O-O c5 11. Re1 Re8 12. b3 Nbd7 13. Nb5 Nf8 14. dxc5 bxc5 15. Bb2 a6 16. Bxf6 gxf6 17. Nc3 Re5 18. b4 c4 19. Be2 Qe7 20. Bf3 Rd8 21. Ne2 Ne6 22. Nd4 f5 23. g3 Ng5 24. Bg2 Ne4 25. f4 Re6 26. Nxe6 fxe6 27. Qd4 Rc8 28. Rac1 Bc6 29. Bxe4 fxe4 30. Rf1 Qg7 31. Qxg7+ Kxg7 32. f5 exf5 33. Rxf5 Rf8 34. Rxf8 Kxf8 35. Kf2 Ke7 36. Ke2 Bb5 37. Kd2 Ke6 38. Re1 Ke5 39. Kc3 Bd7 40. Rf1 Bg4 41. Rf7 h5 42. Ra7 Be2 43. Rxa6 d4+ 44. exd4+ Kd5 45. Ra5+ 1-0

[Event "March of Kings"]
[Site "Calgary CAN"]
[Date "1999.03.14"]
[Round "5"]
[White "Haessel, Dale"]
[Black "Anderson, Ashton"]
[Result "1-0"]
[WhiteElo "2304"]
[BlackElo "1604"]
[PlyCount "41"]
[GameId "2160767911805419"]
[EventDate "1999.03.13"]
[EventType "swiss"]
[EventRounds "5"]
[EventCountry "CAN"]
[SourceTitle "EXT 2017"]
[Source "ChessBase"]
[SourceDate "2016.10.25"]
[SourceVersion "1"]
[SourceVersionDate "2016.10.25"]
[SourceQuality "1"]

1. e4 e5 2. Nf3 Nc6 3. Nc3 Nf6 4. g3 g6 5. Bg2 Bg7 6. O-O O-O 7. Re1 b6 8. d4 d6 9. h3 Qe7 10. Bg5 h6 11. Nd5 Qd8 12. Nxf6+ Bxf6 13. Bxh6 Bg7 14. Qd2 Qf6 15. Bg5 Bh6 16. Bxh6 Re8 17. d5 Na5 18. Qg5 Qxg5 19. Bxg5 Nc4 20. b3 Na3 21. Re2 1-0

[Event "March of Kings"]
[Site "Calgary CAN"]
[Date "1999.03.14"]
[Round "5"]
[White "Ottosen, David"]
[Black "Odachowski, Arthur"]
[Result "1/2-1/2"]
[WhiteElo "2088"]
[BlackElo "2238"]
[PlyCount "53"]
[GameId "2160767911805420"]
[EventDate "1999.03.13"]
[EventType "swiss"]
[EventRounds "5"]
[EventCountry "CAN"]
[SourceTitle "EXT 2017"]
[Source "ChessBase"]
[SourceDate "2016.10.25"]
[SourceVersion "1"]
[SourceVersionDate "2016.10.25"]
[SourceQuality "1"]

1. e4 c5 2. Nf3 d6 3. d4 cxd4 4. Nxd4 Nf6 5. Nc3 Nc6 6. Bg5 e6 7. Qd2 a6 8. f3 h6 9. Be3 Bd7 10. O-O-O b5 11. g4 Nxd4 12. Bxd4 b4 13. Ne2 e5 14. Be3 Qa5 15. Kb1 Be6 16. Nc1 d5 17. exd5 Nxd5 18. Bc4 Nc3+ 19. bxc3 bxc3 20. Nb3 Qb4 21. Qd3 Qxc4 22. Bb6 Qc6 23. Ba5 Be7 24. Bxc3 Rd8 25. Qe3 Rc8 26. Bxe5 Qxc2+ 27. Ka1 1/2-1/2

[Event "March of Kings"]
[Site "Calgary CAN"]
[Date "1999.03.14"]
[Round "5"]
[White "Valeroso, Bert"]
[Black "Hughey, Micah"]
[Result "0-1"]
[WhiteElo "1615"]
[BlackElo "2052"]
[PlyCount "120"]
[GameId "2160767911805421"]
[EventDate "1999.03.13"]
[EventType "swiss"]
[EventRounds "5"]
[EventCountry "CAN"]
[SourceTitle "EXT 2017"]
[Source "ChessBase"]
[SourceDate "2016.10.25"]
[SourceVersion "1"]
[SourceVersionDate "2016.10.25"]
[SourceQuality "1"]

1. e4 e5 2. Nf3 Nc6 3. Bc4 Bc5 4. d3 Nf6 5. Nc3 d6 6. Bg5 h6 7. Bh4 g5 8. Bg3 Bg4 9. Bb5 a6 10. Bxc6+ bxc6 11. h4 Rg8 12. Qd2 Bxf3 13. gxf3 Rb8 14. Na4 Ba7 15. b3 Qc8 16. Ke2 Qe6 17. hxg5 hxg5 18. Rh6 Kd7 19. Rah1 Qe7 20. c3 Rg7 21. d4 exd4 22. cxd4 Re8 23. Qd3 Nd5 24. Kf1 Nf4 25. Bxf4 gxf4 26. d5 cxd5 27. Qxd5 Qe5 28. Qxe5 Rxe5 29. R1h5 Bd4 30. Rh7 Rxh5 31. Rxh5 Kc6 32. Rd5 Ba1 33. Rd3 Rg5 34. Nc3 Bxc3 35. Rxc3+ Rc5 36. Rd3 Rc2 37. a4 Kc5 38. Rd5+ Kb4 39. Rf5 Kxb3 40. Rxf4 c5 41. Rxf7 Kxa4 42. Rd7 Rd2 43. e5 c4 44. Rxd6 Rxd6 45. exd6 c3 46. d7 c2 47. d8=Q c1=Q+ 48. Kg2 Qf4 49. Qe8+ Kb4 50. Qe4+ Qxe4 51. fxe4 a5 52. e5 Kc5 53. f4 Kd5 54. Kf3 a4 55. Kg4 a3 56. Kf5 a2 57. e6 a1=Q 58. e7 Qh8 59. Kg6 Ke6 60. f5+ Kxe7 0-1

[Event "Mario Desautels mem"]
[Site "Hull CAN"]
[Date "1999.09.14"]
[Round "1"]
[White "Groleau, Gilles"]
[Black "Gagnon, Fabien"]
[Result "1/2-1/2"]
[WhiteElo "1978"]
[BlackElo "2031"]
[PlyCount "137"]
[GameId "2160767911742131"]
[EventDate "1999.09.14"]
[EventType "swiss"]
[EventRounds "5"]
[EventCountry "CAN"]

1. e4 c5 2. Nf3 Nc6 3. Bb5 g6 4. O-O Bg7 5. c3 e5 6. Re1 Nge7 7. d3 a6 8. Ba4 b5 9. Bb3 h6 10. Nbd2 Bb7 11. Nf1 Na5 12. Bc2 Qc7 13. Ng3 Rc8 14. Be3 f5 15. exf5 gxf5 16. Nh5 Rg8 17. Qd2 Qc6 18. b4 cxb4 19. cxb4 Qxc2 20. Qxc2 Rxc2 21. bxa5 Bh8 22. Kf1 f4 23. Rac1 Rxc1 24. Bxc1 Bxf3 25. gxf3 Kf7 26. d4 d6 27. Ba3 Rd8 28. dxe5 Bxe5 29. Re4 Nd5 30. Bc1 Nc3 31. Re1 Nxa2 32. Bxf4 Bxf4 33. Nxf4 Nb4 34. Re4 Nc6 35. Nd5 Rd7 36. Rh4 Kg7 37. Rg4+ Kf7 38. Rh4 Ke6 39. Nb6 Rh7 40. Re4+ Ne5 41. f4 Kf5 42. Rd4 Nc6 43. Rxd6 Nxa5 44. Nd5 Ra7 45. f3 Rf7 46. Rxh6 Nc4 47. Rxa6 b4 48. Nxb4 Kxf4 49. Kf2 Rh7 50. Nd3+ Kf5 51. Nc1 Rxh2+ 52. Kg3 Rh8 53. Rc6 Rg8+ 54. Kf2 Ne5 55. Rc5 Kf6 56. f4 Ng4+ 57. Kf3 Nh2+ 58. Ke4 Re8+ 59. Re5 Ra8 60. Nd3 Ra4+ 61. Kd5 Nf3 62. Re4 Ra5+ 63. Nc5 Kf5 64. Rb4 Ra1 65. Kd6 Rd1+ 66. Ke7 Rd4 67. Rb2 Nd2 68. Rb5 Rd5 69. Ne6 1/2-1/2

[Event "Mario Desautels mem"]
[Site "Hull CAN"]
[Date "1999.09.14"]
[Round "1"]
[White "Laurin, Jacques"]
[Black "Duquette, Patrick"]
[Result "0-1"]
[WhiteElo "1987"]
[BlackElo "1917"]
[PlyCount "134"]
[GameId "2160767911742132"]
[EventDate "1999.09.14"]
[EventType "swiss"]
[EventRounds "5"]
[EventCountry "CAN"]

1. c4 Nf6 2. Nc3 g6 3. e4 d6 4. d4 Bg7 5. Be2 O-O 6. Nf3 e5 7. dxe5 dxe5 8. Bg5 c6 9. Qc2 Qc7 10. Rd1 Nbd7 11. b4 Re8 12. O-O Nf8 13. c5 Bg4 14. Rd6 Bxf3 15. Bxf6 Bxf6 16. Rxf6 Bxe2 17. Nxe2 Ne6 18. f4 exf4 19. Nxf4 Ng5 20. Nd5 Qe5 21. Nc3 Qd4+ 22. Kh1 Qxb4 23. Qd2 Rxe4 24. Qxg5 Qxc3 25. Rxf7 Re1 26. h4 Rxf1+ 27. Rxf1 Re8 28. Qf4 Qg7 29. Qc4+ Kh8 30. Rd1 Qe7 31. Qc3+ Kg8 32. Qc4+ Qf7 33. Qg4 Qxa2 34. h5 Qe2 35. Qxe2 Rxe2 36. Rd7 gxh5 37. Rxb7 Re5 38. Rxa7 Rxc5 39. Kg1 Rf5 40. Rc7 Rf6 41. Kh2 h6 42. Kh3 Kf8 43. Kh4 Ke8 44. Kxh5 Kd8 45. Ra7 c5 46. Ra5 Rc6 47. Kg4 Kd7 48. Kf3 Kd6 49. Ke4 Rb6 50. Ra1 Rb4+ 51. Kd3 h5 52. Kc3 Kd5 53. Ra6 Rg4 54. Rh6 Rg3+ 55. Kd2 Rxg2+ 56. Ke3 Rg5 57. Kf4 Re5 58. Rh8 Re4+ 59. Kf3 Rd4 60. Rxh5+ Kc4 61. Ke3 Rd7 62. Rh8 Kc3 63. Rb8 Re7+ 64. Kf4 c4 65. Rb5 Kc2 66. Rh5 c3 67. Rc5 Kb2 0-1

[Event "Mario Desautels mem"]
[Site "Hull CAN"]
[Date "1999.09.14"]
[Round "1"]
[White "Lemieux, Richard"]
[Black "Arsenault, Michel"]
[Result "0-1"]
[WhiteElo "1838"]
[BlackElo "1886"]
[PlyCount "52"]
[GameId "2160767911742133"]
[EventDate "1999.09.14"]
[EventType "swiss"]
[EventRounds "5"]
[EventCountry "CAN"]

1. e4 c5 2. Nf3 e6 3. d4 cxd4 4. Nxd4 Nf6 5. Bd3 d6 6. Nc3 Be7 7. O-O O-O 8. Bc4 Qc7 9. Bb3 Na6 10. Ndb5 Qb8 11. Bf4 Rd8 12. Qd2 Nc5 13. Rfe1 a6 14. Na3 b5 15. Rad1 Nxb3 16. axb3 b4 17. e5 bxc3 18. bxc3 Nd7 19. exd6 Bf6 20. Nc4 Qb5 21. Qe3 Bb7 22. Qg3 Rac8 23. Ne5 Nxe5 24. Rxe5 Qc6 25. Rh5 Qxc3 26. Rd3 Qe1# 0-1

[Event "Mario Desautels mem"]
[Site "Hull CAN"]
[Date "1999.09.14"]
[Round "1"]
[White "Massoulie, Francois"]
[Black "Roy, Roger"]
[Result "1-0"]
[WhiteElo "1456"]
[BlackElo "1752"]
[PlyCount "91"]
[GameId "2160767911742134"]
[EventDate "1999.09.14"]
[EventType "swiss"]
[EventRounds "5"]
[EventCountry "CAN"]

1. d4 Nf6 2. Nf3 e6 3. Bg5 d5 4. e3 Be7 5. Nbd2 O-O 6. Bd3 Nbd7 7. O-O c5 8. c3 c4 9. Bc2 b5 10. Ne5 Bb7 11. f4 Ne4 12. Bxe7 Qxe7 13. Nxe4 dxe4 14. Qb1 f5 15. a4 a6 16. a5 Bd5 17. b4 cxb3 18. Bxb3 Rfc8 19. Rc1 Nxe5 20. dxe5 Qc5 21. Kf2 Ra7 22. Qa2 Rac7 23. Rc2 Kf7 24. Rd1 Bxb3 25. Qxb3 Qc4 26. Qxc4 Rxc4 27. Rd7+ Kg6 28. Ra7 R4c6 29. Rd2 Rxc3 30. Rdd7 Rc2+ 31. Kg3 Rg8 32. Re7 Rc6 33. Rab7 h6 34. Kh4 Kh7 35. Kh5 Rc2 36. Rxe6 Kh8 37. Rg6 Re2 38. e6 Rxe3 39. e7 Re8 40. Rxa6 Re2 41. Rd6 Rxg2 42. Rd8 Kh7 43. h3 g6+ 44. Kh4 e3 45. Rxe8 e2 46. Rh8+ 1-0

[Event "Mario Desautels mem"]
[Site "Hull CAN"]
[Date "1999.09.14"]
[Round "1"]
[White "Menard, Marc"]
[Black "Dupont, Claude"]
[Result "1-0"]
[WhiteElo "1579"]
[BlackElo "1288"]
[PlyCount "51"]
[GameId "2160767911742135"]
[EventDate "1999.09.14"]
[EventType "swiss"]
[EventRounds "5"]
[EventCountry "CAN"]

1. e4 c5 2. Nf3 e6 3. d4 cxd4 4. Nxd4 Nc6 5. Be2 Bc5 6. Be3 Qb6 7. Nb5 Bxe3 8. Nd6+ Ke7 9. fxe3 Qxb2 10. Nd2 Qb4 11. Nxc8+ Rxc8 12. Rb1 Qa5 13. Rxb7 Qxa2 14. Nc4 Nf6 15. e5 Nxe5 16. Qd6+ Ke8 17. Qxe5 Rxc4 18. Bxc4 Qxc4 19. Rb8+ Ke7 20. Rxh8 Qxc2 21. O-O Qe2 22. Qc5+ d6 23. Qc7+ Nd7 24. Rd8 Qxe3+ 25. Kh1 Qe2 26. Qxd7# 1-0